[Event "Titled Tuesday intern op 04th Feb Early"]
[Site "Chess.com INT"]
[Date "2025.02.04"]
[Round "1"]
[White "Sundac, Ivano"]
[Black "Kozlov, Gennady"]
[Result "1-0"]
[WhiteElo "2090"]
[BlackElo "2418"]
[PlyCount "131"]
[EventDate "2025.02.04"]
[EventType "swiss (blitz)"]
[EventRounds "11"]
[EventCountry "USA"]
[SourceTitle "CB07_2025"]
[SourceDate "2025.02.12"]
[SourceVersion "1"]
[SourceVersionDate "2025.02.12"]
[SourceQuality "1"]

1. d4 e6 2. e4 d5 3. e5 c5 4. c3 Nc6 5. Nf3 Bd7 6. a4 cxd4 7. cxd4 f6 8. exf6 Nxf6 9. Nc3 Bd6 10. Bd3 0-0 11. 0-0 e5 12. dxe5 Nxe5 13. Nxe5 Bxe5 14. g3 Qb6 15. Nxd5 Nxd5 16. Qh5 Nf6 17. Qxe5 Rae8 18. Qc3 Bc6 19. Be3 Rxe3 20. Bc4+ Bd5 21. fxe3 Bxc4 22. Qxc4+ Kh8 23. Rf3 Qxb2 24. Raf1 h6 25. R3f2 Qe5 26. Qd4 Qe6 27. e4 Re8 28. Re2 Ng4 29. Kg2 b6 30. Rd1 Ne5 31. Qd5 Qg4 32. Rf2 Kh7 33. h3 Qg6 34. Rdf1 Nc6 35. Rf8 Rxf8 36. Rxf8 Ne7 37. Qe5 Nc6 38. Qf5 Nd4 39. Qxg6+ Kxg6 40. Ra8 a5 41. Rb8 Kf6 42. Rxb6+ Ke5 43. Rg6 Ne6 44. Kf3 Ng5+ 45. Ke3 Ne6 46. h4 h5 47. Kd3 Nc5+ 48. Kc4 Nxa4 49. Rxg7 Nb2+ 50. Kb5 Na4 51. Re7+ Kf6 52. Re8 Nc3+ 53. Kxa5 Ne2 54. Rg8 Ke5 55. Rg5+ Kxe4 56. Kb4 Kf3 57. Rxh5 Nxg3 58. Rg5 Ne4 59. Rg7 Kf4 60. h5 Nf6 61. h6 Nd5+ 62. Kc5 Ne3 63. h7 Nf5 64. h8Q Nxg7 65. Qxg7 Kf5 66. Qd4 1-0

[Event "Titled Tuesday intern op 04th Feb Early"]
[Site "Chess.com INT"]
[Date "2025.02.04"]
[Round "5"]
[White "Sundac, Ivano"]
[Black "Trifonov, Denis"]
[Result "0-1"]
[WhiteElo "2090"]
[BlackElo "2163"]
[PlyCount "96"]
[EventDate "2025.02.04"]
[EventType "swiss (blitz)"]
[EventRounds "11"]
[EventCountry "USA"]
[SourceTitle "CB07_2025"]
[SourceDate "2025.02.12"]
[SourceVersion "1"]
[SourceVersionDate "2025.02.12"]
[SourceQuality "1"]

1. d4 Nf6 2. Nf3 g6 3. b3 Bg7 4. Bb2 0-0 5. g3 d5 6. Bg2 Ne4 7. 0-0 c5 8. e3 Nc6 9. Qe2 Bg4 10. Rd1 cxd4 11. exd4 Qb6 12. c3 e5 13. h3 Bxf3 14. Bxf3 exd4 15. Bxe4 dxe4 16. Qxe4 Rfe8 17. Qg2 d3 18. Rxd3 Re1+ 19. Kh2 Rae8 20. Nd2 Rxa1 21. Bxa1 Re2 22. Nc4 Qxf2 23. Qxf2 Rxf2+ 24. Kg1 Rxa2 25. Rd1 b5 26. Nd6 a6 27. Ne4 Be5 28. g4 b4 29. Rc1 h6 30. Nc5 Bf4 31. Rd1 Be3+ 32. Kf1 Bxc5 33. cxb4 Bxb4 34. Bf6 Be7 35. Bc3 f5 36. Rd7 Rc2 37. Be1 Kf7 38. gxf5 gxf5 39. Rd3 Ke6 40. Re3+ Ne5 41. Bg3 Bd6 42. Ke1 Kd5 43. Kd1 Rb2 44. Kc1 Rg2 45. Be1 f4 46. Rc3 f3 47. Kd1 f2 48. Bxf2 Rxf2 0-1

[Event "Nova Gorica op 29th"]
[Site "Nova Gorica"]
[Date "2025.01.25"]
[Round "3"]
[White "Sundac, Ivano"]
[Black "Doraszelski, Alexander"]
[Result "1/2-1/2"]
[WhiteElo "2090"]
[BlackElo "2171"]
[PlyCount "90"]
[EventDate "2025.01.24"]
[EventType "swiss"]
[EventRounds "9"]
[EventCountry "SLO"]
[SourceTitle "CB06_2025"]
[SourceDate "2025.02.05"]
[SourceVersion "1"]
[SourceVersionDate "2025.02.05"]
[SourceQuality "1"]

1. Nf3 d5 2. b3 c5 3. Bb2 f6 4. d3 e5 5. Nbd2 Bd6 6. e4 Ne7 7. exd5 Nxd5 8. g3 0-0 9. Bg2 Be6 10. 0-0 Nc6 11. Re1 Re8 12. a4 Qd7 13. Nc4 Bf8 14. Nfd2 Rad8 15. a5 Kh8 16. Ne3 Ndb4 17. Ndc4 Qc7 18. Be4 Bg8 19. Qh5 Qf7 20. Qxf7 Bxf7 21. Red1 Nd5 22. Nxd5 Bxd5 23. Bxd5 Rxd5 24. Kg2 Nd4 25. Bxd4 cxd4 26. Re1 Bb4 27. Re2 Rb8 28. h3 h5 29. g4 hxg4 30. hxg4 b5 31. axb6 axb6 32. Nd2 Bxd2 33. Rxd2 Kh7 34. Kg3 Rc8 35. f3 Rdc5 36. Rh2+ Kg6 37. Ra2 Rc3 38. Re2 Kg5 39. Rh2 g6 40. Rf2 f5 41. f4+ exf4+ 42. Rxf4 Rxc2 43. Rxc2 Rxc2 44. gxf5 gxf5 45. Rxd4 Rb2 1/2-1/2

[Event "Wch U16 blitz"]
[Site "Terme Catez"]
[Date "2024.12.16"]
[Round "16"]
[White "Sundac, Ivano"]
[Black "Kolimar, Kristof Pal"]
[Result "0-1"]
[WhiteElo "2206"]
[BlackElo "2127"]
[PlyCount "78"]
[EventDate "2024.12.16"]
[EventType "swiss (blitz)"]
[EventRounds "22"]
[EventCountry "SLO"]
[SourceTitle "CB51_2024"]
[SourceDate "2024.12.18"]
[SourceVersion "1"]
[SourceVersionDate "2024.12.18"]
[SourceQuality "1"]

1. Nf3 Nf6 2. d4 d5 3. b3 e6 4. Bb2 c5 5. e3 Nc6 6. Nbd2 cxd4 7. exd4 Bd6 8. Bb5 0-0 9. 0-0 Qc7 10. Qe2 a6 11. Bxc6 bxc6 12. Ne5 c5 13. dxc5 Bxc5 14. Ndf3 Bb7 15. h3 Ne4 16. Qd1 Rad8 17. Nd3 Bb6 18. a4 a5 19. Be5 Qe7 20. Nd2 f6 21. Bh2 Nc3 22. Qe1 e5 23. Nc1 Ba6 24. Nc4 dxc4 25. Qxc3 Bd4 26. Qxa5 Bxa1 27. Qxa6 cxb3 28. cxb3 Bd4 29. Ne2 Bc5 30. Nc3 Kh8 31. Qc4 Rc8 32. Qd3 Rfd8 33. Qf3 Rb8 34. Nb5 Rd2 35. Qc3 Rbd8 36. Qc4 Rxf2 37. Kh1 Rxf1+ 38. Qxf1 Qd7 39. Bg3 Qd1 0-1

[Event "Wch U16 blitz"]
[Site "Terme Catez"]
[Date "2024.12.16"]
[Round "22"]
[White "Sundac, Ivano"]
[Black "Kresic, Vid"]
[Result "1-0"]
[WhiteElo "2206"]
[BlackElo "2057"]
[PlyCount "67"]
[EventDate "2024.12.16"]
[EventType "swiss (blitz)"]
[EventRounds "22"]
[EventCountry "SLO"]
[SourceTitle "CB51_2024"]
[SourceDate "2024.12.18"]
[SourceVersion "1"]
[SourceVersionDate "2024.12.18"]
[SourceQuality "1"]

1. Nf3 d5 2. d4 Nf6 3. Bf4 c5 4. e3 Nc6 5. Nbd2 e6 6. Bb5 Bd7 7. 0-0 a6 8. Bxc6 Bxc6 9. Ne5 Bd6 10. c3 0-0 11. Nxc6 bxc6 12. dxc5 Bxf4 13. exf4 Nd7 14. Nb3 Qf6 15. Qd4 Qf5 16. Rfe1 a5 17. Nd2 Rfb8 18. b4 f6 19. Nf3 Re8 20. Qd2 e5 21. fxe5 Nxe5 22. Nxe5 Rxe5 23. Rxe5 fxe5 24. a4 Qe4 25. Re1 Qc4 26. Rxe5 axb4 27. cxb4 Rxa4 28. Re8+ Kf7 29. Qe1 Qg4 30. Re7+ Kf8 31. h3 Qf5 32. Re3 Qf6 33. Rf3 Ra1 34. Qxa1 1-0

[Event "Wch U16 rapid"]
[Site "Terme Catez"]
[Date "2024.12.15"]
[Round "10"]
[White "Sundac, Ivano"]
[Black "Zmaucar, Miha"]
[Result "0-1"]
[WhiteElo "2005"]
[BlackElo "1939"]
[PlyCount "76"]
[EventDate "2024.12.14"]
[EventType "swiss (rapid)"]
[EventRounds "11"]
[EventCountry "SLO"]
[SourceTitle "CB51_2024"]
[SourceDate "2024.12.18"]
[SourceVersion "1"]
[SourceVersionDate "2024.12.18"]
[SourceQuality "1"]

1. Nf3 d5 2. b3 Bg4 3. Ne5 Bh5 4. d4 Nf6 5. Bb2 e6 6. Nd2 Nbd7 7. Ndf3 Bd6 8. e3 0-0 9. Be2 Ne4 10. 0-0 f6 11. Nxd7 Qxd7 12. c4 c6 13. Ne1 Bxe2 14. Qxe2 Qc7 15. g3 e5 16. cxd5 cxd5 17. Nd3 Ng5 18. Rfc1 Qd7 19. Ne1 e4 20. Qh5 g6 21. Qe2 Qf5 22. Kg2 Qh3+ 23. Kg1 h5 24. f4 exf3 25. Nxf3 Bxg3 26. Nxg5 fxg5 27. hxg3 Qxg3+ 28. Qg2 Qxe3+ 29. Kh1 Rf4 30. Qxd5+ Kh7 31. Rc2 Qh3+ 32. Kg1 Qe3+ 33. Kh1 Qh3+ 34. Kg1 Raf8 35. Rg2 Qe3+ 36. Kh1 Rh4+ 37. Rh2 Rxh2+ 38. Kxh2 Rf2+ 0-1

[Event "Hvar Arsenal op 3rd"]
[Site "Hvar"]
[Date "2024.10.19"]
[Round "8"]
[White "Sundac, Ivano"]
[Black "Puuska, Heini"]
[Result "1/2-1/2"]
[WhiteElo "2193"]
[BlackElo "1925"]
[PlyCount "73"]
[EventDate "2024.10.14"]
[EventType "swiss"]
[EventRounds "9"]
[EventCountry "CRO"]
[SourceTitle "CB43_2024"]
[Source "Chessbase"]
[SourceDate "2024.10.23"]
[SourceVersion "1"]
[SourceVersionDate "2024.10.23"]
[SourceQuality "1"]

1. d4 d5 2. Nf3 Nf6 3. Bf4 c5 4. e3 cxd4 5. exd4 Bf5 6. Bb5+ Nc6 7. c4 Bxb1 8. Rxb1 a6 9. Bxc6+ bxc6 10. Qa4 Qb6 11. 0-0 Nd7 12. cxd5 cxd5 13. Ne5 Qb5 14. Qxb5 axb5 15. Nxd7 Kxd7 16. Rbc1 Rxa2 17. Rc5 Rxb2 18. Rxd5+ Ke6 19. Rd8 f6 20. d5+ Kf5 21. d6 exd6 22. Bxd6 Bxd6 23. Rxh8 h6 24. Rd8 Be5 25. Rd7 g5 26. Rdd1 b4 27. Rfe1 h5 28. Rb1 Rxb1 29. Rxb1 Bc3 30. Kf1 Ke4 31. Ke2 Kd4 32. f3 h4 33. Rd1+ Kc4 34. Rd8 Be5 35. Kd2 Bxh2 36. Rc8+ Kb3 37. Kc1 1/2-1/2

[Event "CRO-chT U20"]
[Site "Novalja"]
[Date "2024.04.03"]
[Round "3"]
[White "Sundac, Ivano"]
[Black "Gal, Andrej"]
[Result "0-1"]
[WhiteElo "2066"]
[BlackElo "2274"]
[PlyCount "82"]
[EventDate "2024.04.02"]
[EventType "swiss"]
[EventRounds "8"]
[EventCountry "CRO"]
[SourceTitle "EXT 2025"]
[Source "ChessBase"]
[SourceDate "2024.10.14"]
[SourceVersion "1"]
[SourceVersionDate "2024.10.14"]
[SourceQuality "1"]

1. e4 c5 2. c3 Nf6 3. e5 Nd5 4. d4 cxd4 5. Nf3 Nc6 6. cxd4 d6 7. Bc4 e6 8. 0-0 Be7 9. Qe2 0-0 10. Nc3 Nxc3 11. bxc3 dxe5 12. Nxe5 Nxe5 13. Qxe5 Bd7 14. Bd3 Bc6 15. Bb2 Bf6 16. Qe2 Qd5 17. f3 Rac8 18. Rfd1 Rfd8 19. Be4 Qd7 20. Bxc6 Qxc6 21. Qe4 Qa6 22. g3 h5 23. Kg2 Rd5 24. Rd2 b5 25. Qe2 Qc6 26. Rad1 Rcd8 27. Ba1 h4 28. Qe4 g6 29. Bb2 Kg7 30. Rc2 Qa6 31. Re1 hxg3 32. hxg3 Rh8 33. g4 Rh4 34. Bc1 b4 35. Be3 bxc3 36. Bf2 Rh8 37. Rxc3 Qxa2 38. Rc2 Qa5 39. Rc5 Qd2 40. Rxd5 exd5 41. Re2 Qh6 0-1